00283nam a2200109Ia 4500008004100000041000800041082002400049100001400073245004100087260003600128300000900164230411s9999 xx 000 0 und d aeng aX/616.08/KEL/B07618 aKelar Jef aManovruttiwarach Awalambun Sarvakahi bPentagon PressaNew Delhic2012 a170p